Ekonomická štatistika priemyslu

Na minha lista:
Detalhes bibliográficos
Autor principal: Kozíková, Emília
Autor Corporativo: Vysoká škola ekonomická v Bratislave. Fakulta ekonomiky a riadenia výrobných odvetví
Outros Autores: Souček, Eduard
Formato: Livro
Idioma:eslovaco
Publicado em: Bratislava VŠE 1982
Tags: Adicionar Tag
Sem tags, seja o primeiro a adicionar uma tag!

MARC

LEADER 00000nam a2200000 4500
001 c137867
005 20221220095712.4
041 0 |a slo 
044 |a SK 
245 1 0 |a Ekonomická štatistika priemyslu  |c Emília Kozíková, Eduard Souček 
264 1 |a Bratislava  |b VŠE  |c 1982 
300 |a 242 s. 
100 1 |a Kozíková, Emília 
700 1 |a Souček, Eduard 
710 2 |a Vysoká škola ekonomická v Bratislave. Fakulta ekonomiky a riadenia výrobných odvetví